000 00412nam a2200181Ia 4500
001 17925
005 20260306171553.0
008 260306s9999||||xx |||||||||||||| ||und||
041 _aESP
082 _a658.3
_bE26
100 _aEdvinsson, Leif
_eAUT
245 0 _aEl capital intelectual
260 _c2004
300 _a311 páginas :
_ccm.
650 _aGEN
654 _aCAN
942 _cLIB
_dJUS
_fJUS
_2ddc
_n
999 _c17925
_d17925